| 000 | 00392nam a2200109Ia 4500 | ||
|---|---|---|---|
| 008 | 160909s9999 xx 000 0 und d | ||
| 100 | _aSaqr, Raneem R. | ||
| 245 | _aBlind and Visually Impaired Users Adaptation to Web Environments: A Qualitative Study | ||
| 260 |
_bUniversity of South Florida. _c2016 |
||
| 650 | _aTOURISM | ||
| 856 | _uhttp://pqdtopen.proquest.com/doc/1808333710.html?FMT=ABS | ||
| 999 |
_c304932 _d304932 |
||